QUEST Central Library Banner

Coulson and Richardson's Chemical Engineering : solutions to the problems in volumes 2 & 3 (Record no. 68862)

MARC details
000 -LEADER
fixed length control field 00697nam a22002417a 4500
003 - CONTROL NUMBER IDENTIFIER
control field PK-NaQUE
005 - DATE AND TIME OF LATEST TRANSACTION
control field 20250619145343.0
008 - FIXED-LENGTH DATA ELEMENTS--GENERAL INFORMATION
fixed length control field 250619b ||||| |||| 00| 0 eng d
020 ## - INTERNATIONAL STANDARD BOOK NUMBER
International Standard Book Number 9788131204542
040 ## - CATALOGING SOURCE
Transcribing agency QUEST
082 ## - DEWEY DECIMAL CLASSIFICATION NUMBER
Classification number 660BAC
100 ## - MAIN ENTRY--PERSONAL NAME
Personal name Backhurst, J R.
245 ## - TITLE STATEMENT
Title Coulson and Richardson's Chemical Engineering : solutions to the problems in volumes 2 & 3
250 ## - EDITION STATEMENT
Edition statement Vol : II & III
260 ## - PUBLICATION, DISTRIBUTION, ETC. (IMPRINT)
Place of publication, distribution, etc New Delhi:
Name of publisher, distributor, etc Elsevier,
Date of publication, distribution, etc 2014
300 ## - PHYSICAL DESCRIPTION
Extent 340p.
650 ## - SUBJECT ADDED ENTRY--TOPICAL TERM
Topical term or geographic name as entry element Chemical engineering
700 ## - ADDED ENTRY--PERSONAL NAME
Personal name Harker, J H.
700 ## - ADDED ENTRY--PERSONAL NAME
Personal name Richardson, J.F.
700 ## - ADDED ENTRY--PERSONAL NAME
Personal name Coulson, J M
856 ## - ELECTRONIC LOCATION AND ACCESS
Uniform Resource Identifier <a href="http://10.10.170.122:8080/browse/book/27604">http://10.10.170.122:8080/browse/book/27604</a>
Link text Download eBook
942 ## - ADDED ENTRY ELEMENTS (KOHA)
Koha item type Books
Source of classification or shelving scheme Dewey Decimal Classification
Holdings
Withdrawn status Lost status Damaged status Not for loan Home library Current library Date acquired Cost, normal purchase price Total Checkouts Full call number Barcode Date last seen Price effective from Koha item type Source of classification or shelving scheme Shelving location
        Central Library, QUEST, Nawabshah Central Library, QUEST, Nawabshah 27/05/2025 3312.00   660.28BAC 58813 27/05/2025 27/05/2025 Books    
        Central Library, QUEST, Nawabshah Central Library, QUEST, Nawabshah 03/06/2025 2201.00   660.28BAC 58958 03/06/2025 03/06/2025 Books    
        Reference Section Reference Section 11/11/2025     660.28 COU (Shelf-87D) 57788 11/11/2025 11/11/2025 Books Dewey Decimal Classification Reference
        Reference Section Reference Section 11/11/2025     660.28 COU (Shelf-87D) 54314 11/11/2025 11/11/2025 Books Dewey Decimal Classification Reference

Copyright © 2018,The QUEST, Nawabshah, Shaheed Benazirabad. All rights reserved
Mr. G. Farooq Channar (Librarian) QUEST, Nawabshah, Sindh, Pakistan 67480.
 Ph#: |   0244-9370381-4 Ext. 2308   Email| lib@quest.edu.pk   Web|  http://www.quest.edu.pk